Rozhodování ve stavební praxi

Saved in:
Bibliographic Details
Main Author: Blecha, Vladislav
Format: Book
Language:Czech
Published: Praha Dům techn. ČSVTS 1987
Edition:1. vyd.
Tags: Add Tag
No Tags, Be the first to tag this record!

MARC

LEADER 00000nam a2200000 4500
001 c040672
005 20221219103317.2
041 0 |a cze 
044 |a CZ 
245 1 0 |a Rozhodování ve stavební praxi  |c Vladislav Blecha 
250 |a 1. vyd. 
264 1 |a Praha  |b Dům techn. ČSVTS  |c 1987 
300 |a 40 s. 
100 1 |a Blecha, Vladislav